La visión del presidente Leonel Fernández : (Registro nro. 13816)

Detalles MARC
000 -LEADER
fixed length control field 01224nam a2200253 a 4500
001 - CONTROL NUMBER
control field
003 - CONTROL NUMBER IDENTIFIER
control field DO-SdBNP
005 - DATE AND TIME OF LATEST TRANSACTION
control field 20211022085858.0
008 - FIXED-LENGTH DATA ELEMENTS--GENERAL INFORMATION
fixed length control field 081112s2007 dr ac 000 0 spa d
020 ## - INTERNATIONAL STANDARD BOOK NUMBER
International Standard Book Number 9789993458494
040 ## - CATALOGING SOURCE
Original cataloging agency DO-SdBNP
Language of cataloging spa
Transcribing agency BPMSU
082 ## - DEWEY DECIMAL CLASSIFICATION NUMBER
Classification number 320.97293
Item number G182v 2007
Edition number 22
100 1# - MAIN ENTRY--PERSONAL NAME
Personal name Galván, Héctor,
Dates associated with a name 1960-
245 13 - TITLE STATEMENT
Title La visión del presidente Leonel Fernández :
Remainder of title la República Dominicana hacia el 2030 /
Statement of responsibility, etc. Héctor Galván.
260 ## - PUBLICATION, DISTRIBUTION, ETC. (IMPRINT)
Place of publication, distribution, etc. Santo Domingo :
Name of publisher, distributor, etc. Centenario,
Date of publication, distribution, etc. 2007.
300 ## - PHYSICAL DESCRIPTION
Extent 340 p. :
Other physical details il., retrs. ;
Dimensions 24 cm.
505 2# - FORMATTED CONTENTS NOTE
Title Introducción --
-- Agradecimientos --
-- Preámbulo --
-- Economía y desarrollo --
-- Tecnología --
-- Deportes --
-- Juventud --
-- Intermedio I, --
-- El hombre --
-- Por una sociedad justa y balanceada --
-- Intermedio II --
-- Política Internacional --
-- Transporte --
-- Marítima --
-- Empresarial --
-- Intermedio III --
-- Energía y petróleo --
-- Constitución --
-- Educación --
-- Seguridad --
-- PLD --
-- Reelección --
-- Final --
-- Colofón.
590 ## - LOCAL NOTE (RLIN)
Local note Inventariado, 2021/VM
600 #4 - SUBJECT ADDED ENTRY--PERSONAL NAME
Personal name Fernández, Leonel,
Dates associated with a name 1953-
650 #4 - SUBJECT ADDED ENTRY--TOPICAL TERM
Topical term or geographic name as entry element Partido de la Liberación Dominicana
651 #4 - SUBJECT ADDED ENTRY--GEOGRAPHIC NAME
Geographic name República Dominicana
General subdivision Política y gobierno
910 ## - USER-OPTION DATA (OCLC)
User-option data VMateo V.
942 ## - ADDED ENTRY ELEMENTS (KOHA)
Source of classification or shelving scheme Dewey Decimal Classification
Koha item type Libros
Existencias
Withdrawn status Lost status Source of classification or shelving scheme Damaged status Not for loan Collection code Home library Current library Date acquired Total Checkouts Full call number Barcode Date last seen Price effective from Koha item type Copy number
    Dewey Decimal Classification     Colección Dominicana Biblioteca Pública Metropolitana Salomé Ureña Biblioteca Pública Metropolitana Salomé Ureña 10/20/2021   BPMSU CD 320.97293 G182v 2007 BPMSU21100135 10/20/2021 10/20/2021 Libros  
    Dewey Decimal Classification     Colección Dominicana Biblioteca Pública Metropolitana Salomé Ureña Biblioteca Pública Metropolitana Salomé Ureña 10/20/2021   BPMSU CD 320.97293 G182v 2007 BPMSU21100136 10/20/2021 10/20/2021 Libros e.2